<?xml version="1.0" encoding="UTF-8"?><?xml-stylesheet type="text/xsl" href="static/style.xsl"?><OAI-PMH xmlns="http://www.openarchives.org/OAI/2.0/" xmlns:xsi="http://www.w3.org/2001/XMLSchema-instance" xsi:schemaLocation="http://www.openarchives.org/OAI/2.0/ http://www.openarchives.org/OAI/2.0/OAI-PMH.xsd"><responseDate>2026-04-13T07:39:05Z</responseDate><request verb="GetRecord" identifier="oai:www.recercat.cat:20.500.12328/3170" metadataPrefix="marc">https://recercat.cat/oai/request</request><GetRecord><record><header><identifier>oai:recercat.cat:20.500.12328/3170</identifier><datestamp>2025-05-16T12:52:05Z</datestamp><setSpec>com_2072_67741</setSpec><setSpec>col_2072_484352</setSpec></header><metadata><record xmlns="http://www.loc.gov/MARC21/slim" xmlns:dcterms="http://purl.org/dc/terms/" xmlns:xsi="http://www.w3.org/2001/XMLSchema-instance" xmlns:doc="http://www.lyncode.com/xoai" xsi:schemaLocation="http://www.loc.gov/MARC21/slim http://www.loc.gov/standards/marcxml/schema/MARC21slim.xsd">
   <leader>00925njm 22002777a 4500</leader>
   <datafield ind2=" " ind1=" " tag="042">
      <subfield code="a">dc</subfield>
   </datafield>
   <datafield ind2=" " ind1=" " tag="720">
      <subfield code="a">Peñataro Pintado, Ester</subfield>
      <subfield code="e">author</subfield>
   </datafield>
   <datafield ind2=" " ind1=" " tag="720">
      <subfield code="a">Rodríguez-Higueras, Encarna</subfield>
      <subfield code="e">author</subfield>
   </datafield>
   <datafield ind2=" " ind1=" " tag="720">
      <subfield code="a">LLAURADO-SERRA, MIREIA</subfield>
      <subfield code="e">author</subfield>
   </datafield>
   <datafield ind2=" " ind1=" " tag="720">
      <subfield code="a">Gomez Delgado, Noelia</subfield>
      <subfield code="e">author</subfield>
   </datafield>
   <datafield ind2=" " ind1=" " tag="720">
      <subfield code="a">llorens, rafael</subfield>
      <subfield code="e">author</subfield>
   </datafield>
   <datafield ind2=" " ind1=" " tag="720">
      <subfield code="a">Díaz Agea, José Luis</subfield>
      <subfield code="e">author</subfield>
   </datafield>
   <datafield ind2=" " ind1=" " tag="260">
      <subfield code="c">2022</subfield>
   </datafield>
   <datafield ind2=" " ind1=" " tag="520">
      <subfield code="a">Background: This research presents the CUCEQS© (Spanish acronym for Questionnaire of Perioperative Nursing Safety Competencies), which evaluates the perception of perioperative nurses about their competencies related to surgical patient safety. The aim of the present study was to design, validate, and analyze the psychometric properties of the CUCEQS©. Methods: We devised an instrumental, quantitative, and descriptive study divided into two phases: in the first, the questionnaire was designed through a Delphi method developed by perioperative nurses and experts in patient safety. In the second, the reliability, validity, and internal structure of the tool were evaluated. Results: In the first phase, the items kept were those that obtained a mean equal to or higher than four out of five in the expert consensus, and a Content Validity Index higher than 0.78. In the second phase, at the global level, a Stratified Cronbach’s Alpha of 0.992 was obtained, and for each competency, Cronbach’s Alpha values between 0.81 and 0.97 were found. A first-order confirmatory factor analysis of the 17 subscales (RMSEA 0.028, (IC 90% = 0.026–0.029) and its observed measures was performed for the 164 items, as well as a second-order analysis of the four competencies (RMSEA = 0.034, (IC90% = 0.033–0.035). Conclusions: The questionnaire is a valid tool for measuring the perceived level of competency by the perioperative nurses in surgical patient safety. This is the first questionnaire developed for this purpose, and the results obtained will facilitate the identification of areas to be improved by health professionals in patient safety.</subfield>
   </datafield>
   <datafield ind1="8" ind2=" " tag="024">
      <subfield code="a">Peñataro-Pintado, Ester; Rodríguez-Higueras, Encarna; Llauradó-Serra, Mireia [et al.]. Development and validation of a questionnaire of the perioperative nursing competencies in patient safety. Int. J. Environ. Res. Public Health, 2022, 19(5), 2584. Disponible en: &lt;https://www.mdpi.com/1660-4601/19/5/2584>. Fecha de acceso: 9 mar. 2022. DOI: 10.3390/ijerph19052584.</subfield>
   </datafield>
   <datafield ind1="8" ind2=" " tag="024">
      <subfield code="a">1660-4601</subfield>
   </datafield>
   <datafield ind1="8" ind2=" " tag="024">
      <subfield code="a">http://hdl.handle.net/20.500.12328/3170</subfield>
   </datafield>
   <datafield ind1="8" ind2=" " tag="024">
      <subfield code="a">https://dx.doi.org/10.3390/ijerph19052584</subfield>
   </datafield>
   <datafield tag="653" ind2=" " ind1=" ">
      <subfield code="a">Infermeria perioperatòria</subfield>
   </datafield>
   <datafield tag="653" ind2=" " ind1=" ">
      <subfield code="a">Competències</subfield>
   </datafield>
   <datafield tag="653" ind2=" " ind1=" ">
      <subfield code="a">Seguretat del pacient</subfield>
   </datafield>
   <datafield tag="653" ind2=" " ind1=" ">
      <subfield code="a">Mètode Delphi</subfield>
   </datafield>
   <datafield tag="653" ind2=" " ind1=" ">
      <subfield code="a">Qüestionari</subfield>
   </datafield>
   <datafield tag="653" ind2=" " ind1=" ">
      <subfield code="a">Propietats psicomètriques</subfield>
   </datafield>
   <datafield tag="653" ind2=" " ind1=" ">
      <subfield code="a">Enfermería perioperatoria</subfield>
   </datafield>
   <datafield tag="653" ind2=" " ind1=" ">
      <subfield code="a">Competencias</subfield>
   </datafield>
   <datafield tag="653" ind2=" " ind1=" ">
      <subfield code="a">Seguridad del paciente</subfield>
   </datafield>
   <datafield tag="653" ind2=" " ind1=" ">
      <subfield code="a">Método Delphi</subfield>
   </datafield>
   <datafield tag="653" ind2=" " ind1=" ">
      <subfield code="a">Cuestionario</subfield>
   </datafield>
   <datafield tag="653" ind2=" " ind1=" ">
      <subfield code="a">Propiedades psicométricas</subfield>
   </datafield>
   <datafield tag="653" ind2=" " ind1=" ">
      <subfield code="a">Perioperative nursing</subfield>
   </datafield>
   <datafield tag="653" ind2=" " ind1=" ">
      <subfield code="a">Competencies</subfield>
   </datafield>
   <datafield tag="653" ind2=" " ind1=" ">
      <subfield code="a">Patient safety</subfield>
   </datafield>
   <datafield tag="653" ind2=" " ind1=" ">
      <subfield code="a">Delphi method</subfield>
   </datafield>
   <datafield tag="653" ind2=" " ind1=" ">
      <subfield code="a">Questionnaire</subfield>
   </datafield>
   <datafield tag="653" ind2=" " ind1=" ">
      <subfield code="a">Psychometric properties</subfield>
   </datafield>
   <datafield ind2="0" ind1="0" tag="245">
      <subfield code="a">Development and validation of a questionnaire of the perioperative nursing competencies in patient safety</subfield>
   </datafield>
</record></metadata></record></GetRecord></OAI-PMH>